INTERNATIONAL CRIMINAL LAW (Record no. 23391)

MARC details
000 -LEADER
fixed length control field 00267nam a22001217a 4500
003 - CONTROL NUMBER IDENTIFIER
control field SGT
082 ## - DEWEY DECIMAL CLASSIFICATION NUMBER
Classification number 345
Item number KEE
100 ## - MAIN ENTRY--PERSONAL NAME
Personal name KEEFE ROGER O
245 ## - TITLE STATEMENT
Title INTERNATIONAL CRIMINAL LAW
260 ## - PUBLICATION, DISTRIBUTION, ETC. (IMPRINT)
Place of publication, distribution, etc UNITED KINGDOM
Name of publisher, distributor, etc OXFORD
Year of Publication 2017
300 ## - PAGE DESCRIPTION
No. of Pages LXVIII , 608
942 ## - ADDED ENTRY ELEMENTS (KOHA)
Source of classification or shelving scheme Dewey Decimal Classification
Koha item type Books
Holdings
Withdrawn status Lost status Source of classification or shelving scheme Damaged status Not for loan Collection code Home library Current library Shelving location Date acquired Vendor Name Cost, normal purchase price SGTU Bill Number Total Checkouts Full call number Accession No. (Barcode) Date last seen Bill Date Koha item type
    Dewey Decimal Classification   Not For Loan LAW SGT Science & Social Sciences Library SGT Science & Social Sciences Library Reference Book 29/09/2022 AHUJA BOOK COMPANY 3365.00 SGTU 15048   345 KEE FL2958 29/09/2022 13/09/2022 Books